Escape/ (Record no. 10971)

000 -LEADER
fixed length control field 00468nam a22001697a 4500
003 - CONTROL NUMBER IDENTIFIER
control field OSt
005 - DATE AND TIME OF LATEST TRANSACTION
control field 20160128173754.0
008 - FIXED-LENGTH DATA ELEMENTS--GENERAL INFORMATION
fixed length control field 151214b xxu||||| |||| 00| 0 eng d
020 ## - INTERNATIONAL STANDARD BOOK NUMBER
International Standard Book Number 9789966259592
050 ## - LIBRARY OF CONGRESS CALL NUMBER
Classification number PS 3554 .E4427A94 2014
100 ## - MAIN ENTRY--PERSONAL NAME
Personal name Ayele Gebeyehu.
Dates associated with a name 2014.
245 ## - TITLE STATEMENT
Title Escape/
Statement of responsibility, etc. Gebeyehu Ayele.
260 ## - PUBLICATION, DISTRIBUTION, ETC. (IMPRINT)
Place of publication, distribution, etc. ethiopia;
Name of publisher, distributor, etc. east african educational publishers l.t.d
Date of publication, distribution, etc. 2014
300 ## - PHYSICAL DESCRIPTION
Extent vii.123p.
650 ## - SUBJECT ADDED ENTRY--TOPICAL TERM
Topical term or geographic name as entry element self actualization
942 ## - ADDED ENTRY ELEMENTS (KOHA)
Source of classification or shelving scheme
Koha item type Reference Material
Holdings
Withdrawn status Lost status Source of classification or shelving scheme Damaged status Not for loan Home library Current library Shelving location Date acquired Source of acquisition Total Checkouts Full call number Barcode Date last seen Price effective from Koha item type
          MACHAKOS UNIVERSITY LIBRARY MACHAKOS UNIVERSITY LIBRARY Africana 14/12/2015 Donation (B.F.A)   PS 3554 .E4427A94 2014 17198 14/12/2015 14/12/2015 Africana (Books)
© Machakos University Library, Along The Highway, Machakos Wote Rd, Machakos, Kenya P.O. Box 136 - 90100 Machakos - Kenya

Tel: ( +254 ) 723 805829 OR Fax : 044-20353 OR Email: library@mksu.ac.ke